|
|
|
|
| LEADER |
00000nab a2200000Ia 4500 |
| 001 |
vtls010816471 |
| 003 |
SK-MaSNL |
| 005 |
20260305043427.0 |
| 008 |
230218|1977 xo |||||||||||||||||slo| |
| 035 |
|
|
|a (urnnbn)urn:nbn:sk:snk:ar-a058s0
|
| 035 |
|
|
|a urn:nbn:sk:snk-ab5ku9
|
| 035 |
|
|
|a (uuid)6158f359-d8da-4b7e-badc-56a838e53f41
|
| 040 |
|
|
|a SNKBUCL
|b slo
|c SNKBUCL
|e AACR2
|
| 041 |
0 |
|
|a slo
|b eng
|b rus
|
| 044 |
|
|
|a xo
|c SK
|
| 100 |
1 |
|
|a Mikelka, Eduard
|4 aut
|9 487151
|
| 245 |
1 |
0 |
|a Ekonometrický model podniku
|c Eduard Mikelka
|
| 504 |
|
|
|a Bibliogr. odkazy
|
| 546 |
|
|
|a Res. angl., rus.
|
| 650 |
0 |
7 |
|a ekonometria
|2 SNKPH
|9 2138
|
| 650 |
0 |
7 |
|a podniky
|2 SNKPH
|9 923
|
| 650 |
0 |
7 |
|a ekonomická efektívnosť
|2 SNKPH
|9 74879
|
| 650 |
0 |
7 |
|a ekonomické modely
|2 SNK
|9 22097
|
| 650 |
0 |
7 |
|a matematické modelovanie
|2 SNKPH
|9 4279
|
| 650 |
0 |
7 |
|a podnikové prostredie
|2 SNK
|9 1319474
|
| 773 |
0 |
|
|t Ekonomický časopis : časopis pre ekonomickú teóriu, hospodársku politiku, spoločensko-ekonomické prognózovanie
|g Roč. 25, č. 6 (1977), s. 535-550
|
| 954 |
|
|
|a odborná, vedecká literatúra pôvodná (slovenská)
|2 lita
|
| 958 |
|
|
|a NB
|
| 958 |
|
|
|a OND
|
| 958 |
|
|
|a EUIPO
|
| 958 |
|
|
|a article5
|
| 999 |
|
|
|c 3353545
|d 3355475
|